| 000 | 00793cam a2200253 i 4500 | ||
|---|---|---|---|
| 999 |
_c16607 _d16607 |
||
| 001 | 16607 | ||
| 003 | Mx-PuUPA | ||
| 005 | 20200616084017.0 | ||
| 008 | 140415s1970 mx ao r 000 0 spa d | ||
| 040 |
_aMX-PuUPA _bspa _erda _cMx-PuUPA _dMx-PuUPA |
||
| 041 | 0 | _aspa | |
| 245 | 0 | 0 |
_aAnuario científico / _cdirección, Manuel Dávalos ; traducción, Agustín Barcena. |
| 250 | _aEdición de 1970 | ||
| 264 | 1 |
_aMéxico, D.F. : _bEditorial Novaro, _c1970 |
|
| 300 |
_a192 páginas ; _c28 cm. |
||
| 336 |
_atexto _2rdacontent _btxt |
||
| 337 |
_asin medio _2rdamedia _bn |
||
| 338 |
_avolumen _2rdacarrier _bnc |
||
| 490 | 0 | _aLibros de Time-Life | |
| 650 | 4 | _aAnuarios | |
| 700 | 1 |
_aBarcena, Agustín, _etraductor |
|
| 942 |
_2ddc _cLI _h503 _iA636 |
||